000 00191nam a2200085Ia 4500
008 170620s9999 xx 000 0 und d
100 _aMaurya - R.R.
245 0 _aCompany Law
260 _bCentral Law Pub.
260 _c2000
999 _c28526
_d28526